000 00880nam a22002897a 4500
001 0056883
003 KOHA_MİRAKIL
005 20260207004103.0
007 ta
008 160411b2008 tu |||gr||||#||||1|tur |
020 _a9754713359
020 _a
_a 9789754713350
040 _aTR-BiSEU
_btur
_cTR-BiSEU
_erda
041 0 _atur
044 _ctu
050 _aPC4112
_b.K46 2008
245 0 _aKendi kendine hızlı İspanyolca :
_bikinci basamak.
264 1 _aİstanbul :
_bFono Yayınları
_c2008
300 _ac.: resimli ;
_c24 cm
336 _ametin
_btxt
_2rdacontent
337 _aaracısız
_bn
_2rdamedia
338 _acilt
_bnc
_2rdacarrier
650 0 _aSpanish language--Grammar.
_949803
650 0 _aSpanish language--Textbooks for foreign speakers.
_9105341
650 0 _aSpanish language--Study and teaching--Foreign speakers.
_9105342
942 _2lcc
_cBK
999 _c56689
_d56689